Hurbanove kasárne

Saved in:
Bibliographic Details
Main Author: Sasváriová, Laura (Author)
Other Authors: Kočlík, Dušan (Thesis advisor)
Format: Manuscript Book
Language:Slovak
Published: 2024
Subjects:
Online Access:http://is.stuba.sk/zp/portal_zp.pl?podrobnosti=178943
Tags: Add Tag
No Tags, Be the first to tag this record!

MARC

LEADER 00000ntm a22000003a 4500
001 stuzp98594
003 SK-STU
005 20240608212308.3
007 ta
008 150427s2015----xo-----f-mn---000-0-slo-d
040 |a STU  |b slo 
041 0 |a slo 
100 1 |a Sasváriová, Laura  |u 055150  |4 aut  |U FAD Fakulta architektúry a dizajnu  |T FAD Ústav interiéru a výstavníctva  |X 99368  |U A5150  |Y 396  |7 99368 
242 0 1 |a Hurban Barracks  |y eng 
245 1 0 |a Hurbanove kasárne 
260 |c 2024 
650 4 |a knižnica  |2 slo 
650 4 |a Hurbanove kasárne  |2 slo 
650 4 |a interiérový dizajn  |2 slo 
650 4 |a revitalizácia  |2 slo 
650 4 |a Hurban Barracks  |2 eng 
650 4 |a revitalization  |2 eng 
650 4 |a library  |2 eng 
650 4 |a interior design  |2 eng 
700 1 |a Kočlík, Dušan  |u 055150  |k Z1  |4 ths  |U FAD Fakulta architektúry a dizajnu  |T FAD Ústav interiéru a výstavníctva  |X 42575  |U A5150  |Y 396  |7 A000042575 
856 4 |u http://is.stuba.sk/zp/portal_zp.pl?podrobnosti=178943